| Tag |
First Indicator |
Second Indicator |
Subfields |
| LEADER |
00000cam a2200000 4500 |
| 001 |
in00000022219 |
| 005 |
20151007063916.0 |
| 008 |
740904s1924 nyu 00010 eng u |
| 010 |
|
|
|a 24028241
|
| 035 |
|
|
|a (OCoLC)00997646
|
| 035 |
|
|
|9 AAD8567AM
|
| 040 |
|
|
|c OUN
|d TXA
|d UtOrBLW
|
| 049 |
|
|
|a TXAM
|c [27169]
|
| 050 |
0 |
0 |
|a PS3525.E43
|b P84 1924
|
| 092 |
|
|
|a 814
|b M536p, 4th ser.
|
| 100 |
1 |
|
|a Mencken, H. L.
|q (Henry Louis),
|d 1880-1956.
|
| 245 |
1 |
0 |
|a Prejudices :
|b fourth series /
|c by H. L. Mencken.
|
| 264 |
|
1 |
|a New York :
|b A. A. Knopf,
|c [1924]
|
| 264 |
|
4 |
|c [©1924]
|
| 300 |
|
|
|a 5 pages ., 9-305 pages ;
|c 20 cm.
|
| 336 |
|
|
|a text
|b txt
|2 rdacontent
|
| 337 |
|
|
|a unmediated
|b n
|2 rdamedia
|
| 338 |
|
|
|a volume
|b nc
|2 rdacarrier
|
| 999 |
|
|
|a MARS
|
| 999 |
f |
f |
|s ff6e451f-0b42-382c-a2ed-1e98eb0559d6
|i 823e3c3c-5dd7-32d1-afe9-6ca319d7d9fb
|t 0
|
| 952 |
f |
f |
|p ric
|a Texas A&M University
|b Rellis Campus
|c Joint Library Facility
|d Remote Storage
|t 0
|e PS3525.E43 P84 1924
|h Library of Congress classification
|i unmediated -- volume
|m A14801258831
|
| 998 |
f |
f |
|a PS3525.E43 P84 1924
|t 0
|l Remote Storage
|